1154 1953 1212 1654 1228 1394 1887 1910 1192 1721 1658 1167 1987 1489 1378 1413 1170 1922 1748 1348 1139 1863 1200 1744 1527 1209 1210 1822 1661 1772 1938 1571 1551 1491 1067 1275 1582 1232 1910 1176 1442 1622 1762 1849 1754 1461 1806 1799 1523 1656 1130 1797 1068 1495 1006 1415 1055 1100 1480 1240 1569 1926 1733 1732 1014 1847 1318 1857 1673 1365 1022 1126 1817 1896 1175 1532 1838 1118 1181 1827 1237 1341 1316 1943 1549 1667 1087 1649 1020 1201 1682 1940 1190 1089 1909 1567 1589 1701 1106 BCNSPRNW ULIB Ver.6.0+V

เปลี่ยนเป็นภาษาไทย

Change to English
 แสดงรายละเอียดบรรณานุกรม
  กลับหน้าหลัก

Brief Record : Get Marc (ISO 2709) : E-mail record : QR code < ปิดหน้าต่าง
LEADER : 00000nam 2200000uu 4500
001    13399112294
003     ULIB
008    110627s2551||||th 000 0 tha d
020    9789741004942
090    นว.^bว153ก 2551
100 0  วชิราภา
245 00 กามเทพป่วนก๊วนสาวโสด/^cวชิราภา
250    พิมพ์ครั้งที่ 1
260    กรุงเทพฯ :^bมิตรสัมพันธ์กราฟฟิก,^c2551
300    391 หน้า
945    ^p245^l0^i023614
995    ทศพร
999 ^a ใช้งานได้ทุกระบบ
รายการนี้ยังไม่มีแท็ก
คุณยังไม่ได้ล็อกอิน คุณสามารถมีกิจกรรมร่วมกับเว็บไซต์ได้ แต่ต้องล็อกอินก่อน ::
  ล็อกอิน

รายการสื่อสารสนเทศ

ลำดับที่ ประเภท เลขเรียก/บาร์โค้ด สถานที่ สถานะ
- ไม่พบข้อมูล -

BibComment


ยังไม่เคยถูกคอมเมนท์

คอมเมนท์ทรัพยากรรายการนี้
  คอมเมนท์: กามเทพป่วนก๊วนสาว..


 Copyright 2026. Bcnsprnw @Library